000 00663cam a22002053a 4500
001 36675
003 PGUSA
005 20140828083811.0
008 110709s2011||||xxu|||||s|||||000 | eng d
040 _aPGUSA
_beng
042 _adc
100 1 _aSchoolcraft, Henry Rowe,
_d1793-1864
245 1 0 _aScenes and Adventures in the Semi-Alpine Region of the Ozark Mountains of Missouri and Arkansas
_h[electronic resource] /
_cHenry Rowe Schoolcraft
260 _bProject Gutenberg,
_c2011
506 _aPublic domain in the USA.
516 _aElectronic text
830 0 _aProject Gutenberg
_v36675
856 4 0 _uhttp://www.gutenberg.org/ebooks/36675
942 _cEB
999 _c265930
_d265930